[Event "Omsk-ch"]
[Site "Omsk"]
[Date "2015.02.25"]
[Round "9"]
[White "Strizhachenko, Yuri"]
[Black "Barakin, Gennady"]
[Result "0-1"]
[WhiteElo "2116"]
[BlackElo "1988"]
[PlyCount "63"]
[EventDate "2015.02.16"]
[EventType "swiss"]
[EventRounds "9"]
[EventCountry "RUS"]
[SourceTitle "CBM 165 Extra"]
[Source "ChessBase"]
[SourceDate "2015.04.21"]
[SourceVersion "1"]
[SourceVersionDate "2015.04.21"]
[SourceQuality "1"]

1. d4 Nf6 2. g3 c6 3. Bg2 d5 4. Nh3 Bf5 5. f3 Qb6 6. Nf2 e6 7. 0-0 Be7 8. e4 Bg6 9. a4 a5 10. b3 0-0 11. c4 dxe4 12. fxe4 Na6 13. e5 Ne8 14. Be3 Rd8 15. Nc3 Nb4 16. Be4 Qc7 17. Bxg6 hxg6 18. Qf3 Nc2 19. Rac1 Nxe3 20. Qxe3 Bb4 21. Rfd1 Qe7 22. Nce4 Nc7 23. Nd3 b6 24. Nxb4 axb4 25. Qe1 f6 26. exf6 gxf6 27. Rc2 f5 28. Nf2 c5 29. d5 e5 30. Re2 e4 31. Qd2 Rd6 32. Nh3 0-1

[Event "Omsk-ch"]
[Site "Omsk"]
[Date "2015.02.18"]
[Round "3"]
[White "Pisjmeniuk, Artem"]
[Black "Barakin, Gennady"]
[Result "1-0"]
[WhiteElo "2020"]
[BlackElo "1988"]
[PlyCount "68"]
[EventDate "2015.02.16"]
[EventType "swiss"]
[EventRounds "9"]
[EventCountry "RUS"]
[SourceTitle "CBM 165 Extra"]
[Source "ChessBase"]
[SourceDate "2015.04.21"]
[SourceVersion "1"]
[SourceVersionDate "2015.04.21"]
[SourceQuality "1"]

1. d4 Nf6 2. Nf3 d5 3. c4 c6 4. Nc3 e6 5. e3 Be7 6. Bd3 0-0 7. 0-0 dxc4 8. Bxc4 b5 9. Bd3 a5 10. Ne5 b4 11. Na4 Ba6 12. b3 Bxd3 13. Nxd3 Nbd7 14. Bb2 Nb6 15. Ne5 Nxa4 16. bxa4 c5 17. Rc1 Nd7 18. Nxd7 Qxd7 19. dxc5 Qxd1 20. Rfxd1 Rac8 21. c6 Rc7 22. Rd7 Rfc8 23. Rxc7 Rxc7 24. Be5 Rc8 25. g4 f6 26. Bd4 Bd6 27. Bb6 Bc7 28. Bxc7 Rxc7 29. Rc5 Kf7 30. Kg2 Ke7 31. Rxa5 Rxc6 32. Ra7+ Kf8 33. Rb7 Rc2 34. Rxb4 Rxa2 1-0

[Event "Omsk Half op"]
[Site "Omsk"]
[Date "2014.12.12"]
[Round "5"]
[White "Glushakov, Andrey"]
[Black "Barakin, Gennady"]
[Result "0-1"]
[WhiteElo "1915"]
[BlackElo "1988"]
[PlyCount "44"]
[EventDate "2014.12.03"]
[EventType "swiss"]
[EventRounds "9"]
[EventCountry "RUS"]
[SourceTitle "EXT 2023"]
[Source "ChessBase"]
[SourceDate "2022.10.05"]
[SourceVersion "1"]
[SourceVersionDate "2022.10.05"]
[SourceQuality "1"]

1. e4 c6 2. Nf3 d5 3. exd5 cxd5 4. Be2 g6 5. 0-0 Bg7 6. d4 Nf6 7. Nbd2 0-0 8. Nb3 Nc6 9. Bf4 Bg4 10. Re1 Rc8 11. c3 e6 12. Nc5 Qe7 13. h3 Bxf3 14. Bxf3 b6 15. Nd3 Qd7 16. Ne5 Nxe5 17. Bxe5 Ne8 18. Bf4 Nd6 19. Be2 Nc4 20. b3 Na5 21. Rc1 Qb7 22. Bd3 Qd7 0-1

[Event "Omsk op 06"]
[Site "Omsk"]
[Date "2014.06.21"]
[Round "2"]
[White "Bogachkova, Alena"]
[Black "Barakin, Gennady"]
[Result "1-0"]
[WhiteElo "2107"]
[BlackElo "1995"]
[PlyCount "31"]
[EventDate "2014.06.20"]
[EventType "swiss"]
[EventRounds "9"]
[EventCountry "RUS"]
[SourceTitle "EXT 2016"]
[Source "ChessBase"]
[SourceDate "2015.10.08"]
[SourceVersion "1"]
[SourceVersionDate "2015.10.08"]
[SourceQuality "1"]

1. e4 c6 2. d4 d5 3. e5 g5 4. h4 h6 5. g4 Bd7 6. h5 e6 7. f4 c5 8. c3 Nc6 9. Nf3 Qb6 10. Rh2 cxd4 11. cxd4 Bb4+ 12. Kf2 f6 13. Kg3 fxe5 14. fxe5 Be7 15. Nc3 0-0-0 16. Bd3 1-0

[Event "Omsk op 05"]
[Site "Omsk"]
[Date "2014.05.17"]
[Round "9"]
[White "Pisjmeniuk, Artem"]
[Black "Barakin, Gennady"]
[Result "1-0"]
[WhiteElo "1982"]
[BlackElo "1988"]
[PlyCount "32"]
[EventDate "2014.05.01"]
[EventType "swiss"]
[EventRounds "9"]
[EventCountry "RUS"]
[SourceTitle "EXT 2016"]
[Source "ChessBase"]
[SourceDate "2015.10.08"]
[SourceVersion "1"]
[SourceVersionDate "2015.10.08"]
[SourceQuality "1"]

1. d4 c5 2. d5 e5 3. e4 d6 4. Nc3 g6 5. Be2 h5 6. Nf3 Bg4 7. Nd2 Bxe2 8. Qxe2 Nd7 9. 0-0 a6 10. a4 Bh6 11. Nc4 Qe7 12. f4 exf4 13. Bxf4 Bxf4 14. Rxf4 0-0-0 15. Rxf7 Qg5 16. Nxd6+ Kb8 1-0

[Event "Omsk op 05"]
[Site "Omsk"]
[Date "2014.05.05"]
[Round "3"]
[White "Barakin, Gennady"]
[Black "Savostjanov, Igor"]
[Result "1/2-1/2"]
[WhiteElo "1988"]
[BlackElo "2145"]
[PlyCount "27"]
[EventDate "2014.05.01"]
[EventType "swiss"]
[EventRounds "9"]
[EventCountry "RUS"]
[SourceTitle "EXT 2016"]
[Source "ChessBase"]
[SourceDate "2015.10.08"]
[SourceVersion "1"]
[SourceVersionDate "2015.10.08"]
[SourceQuality "1"]

1. e4 c5 2. Nf3 Nc6 3. Bb5 g6 4. 0-0 Bg7 5. Nc3 Nd4 6. Nxd4 cxd4 7. Ne2 Qb6 8. Bd3 Nf6 9. c3 dxc3 10. dxc3 0-0 11. Qc2 d5 12. exd5 Nxd5 13. Nf4 Nxf4 14. Bxf4 1/2-1/2

[Event "Omsk op 02"]
[Site "Omsk"]
[Date "2014.02.11"]
[Round "6"]
[White "Barakin, Gennady"]
[Black "Gabdullin, Oleg"]
[Result "1-0"]
[WhiteElo "1986"]
[BlackElo "1874"]
[PlyCount "95"]
[EventDate "2014.02.03"]
[EventType "swiss"]
[EventRounds "9"]
[EventCountry "RUS"]
[SourceTitle "EXT 2016"]
[Source "ChessBase"]
[SourceDate "2015.10.08"]
[SourceVersion "1"]
[SourceVersionDate "2015.10.08"]
[SourceQuality "1"]

1. d4 e6 2. c4 c6 3. Nf3 d5 4. g3 Bb4+ 5. Bd2 Qb6 6. c5 Bxd2+ 7. Qxd2 Qd8 8. Bg2 Nh6 9. 0-0 0-0 10. Nc3 b6 11. b4 Nd7 12. a4 a5 13. cxb6 Nxb6 14. bxa5 Nc4 15. Qf4 Qxa5 16. Rfc1 f6 17. Nd2 Nxd2 18. Qxd2 Ba6 19. e3 Bc4 20. Ne4 Qxd2 21. Nxd2 Ba6 22. Rxc6 Rfe8 23. Nb3 Bb7 24. Rb6 Bc8 25. a5 Nf7 26. Nc5 Re7 27. a6 Nd8 28. Rab1 Rea7 29. Bf1 Kf8 30. Rb8 Ke7 31. Rxa8 Rxa8 32. Rb6 Ra7 33. Bb5 e5 34. Rb8 Rc7 35. a7 Rxa7 36. Rxc8 exd4 37. exd4 Ra1+ 38. Kg2 Rd1 39. Rc7+ Kf8 40. Rd7 Nf7 41. Ne6+ Kg8 42. Rxd5 Re1 43. Nf4 Ng5 44. Bc4 Kf8 45. Rd8+ Ke7 46. Rg8 g6 47. Nd5+ Ke6 48. Re8+ 1-0

[Event "Omsk op 12"]
[Site "Omsk"]
[Date "2013.12.13"]
[Round "9"]
[White "Savostjanov, Igor"]
[Black "Barakin, Gennady"]
[Result "1/2-1/2"]
[WhiteElo "2098"]
[BlackElo "1985"]
[PlyCount "24"]
[EventDate "2013.12.01"]
[EventType "swiss"]
[EventRounds "9"]
[EventCountry "RUS"]
[SourceTitle "EXT 2016"]
[Source "ChessBase"]
[SourceDate "2015.10.08"]
[SourceVersion "1"]
[SourceVersionDate "2015.10.08"]
[SourceQuality "1"]

1. e4 c6 2. c4 d5 3. cxd5 cxd5 4. exd5 Qxd5 5. Nc3 Qa5 6. Nf3 Nc6 7. Bc4 Nf6 8. 0-0 Bg4 9. Qb3 Bxf3 10. Bxf7+ Kd8 11. gxf3 Qg5+ 12. Kh1 Qf4 1/2-1/2

[Event "Omsk op 12"]
[Site "Omsk"]
[Date "2013.12.05"]
[Round "4"]
[White "Barakin, Gennady"]
[Black "Riabinina, Margarita"]
[Result "1-0"]
[WhiteElo "1985"]
[BlackElo "1724"]
[PlyCount "125"]
[EventDate "2013.12.01"]
[EventType "swiss"]
[EventRounds "9"]
[EventCountry "RUS"]
[SourceTitle "EXT 2016"]
[Source "ChessBase"]
[SourceDate "2015.10.08"]
[SourceVersion "1"]
[SourceVersionDate "2015.10.08"]
[SourceQuality "1"]

1. e4 e6 2. d4 d5 3. e5 c5 4. Bb5+ Bd7 5. Bxd7+ Nxd7 6. c3 Ne7 7. Ne2 Nc6 8. 0-0 Be7 9. Nd2 Qb6 10. Nb3 c4 11. Nd2 0-0-0 12. b3 Qa6 13. bxc4 dxc4 14. Qc2 Nb6 15. Ne4 h6 16. Bf4 Rhf8 17. Bg3 Nd5 18. Rab1 Qa3 19. Nf4 b6 20. Nxd5 Rxd5 21. Qe2 Qa6 22. Qg4 g6 23. Nf6 Bxf6 24. exf6 Rfd8 25. Qf4 Qb7 26. Qxh6 Rh5 27. Qe3 Rdh8 28. Qe2 Na5 29. a4 Qd5 30. Rb5 Qd8 31. Rxh5 Rxh5 32. Qf3 Qd5 33. Qf4 Qb7 34. Qd6 Rd5 35. Qb4 Qd7 36. Re1 Kb7 37. h3 Qc6 38. Re5 Qd7 39. Qe7 Kc6 40. Rxd5 exd5 41. Qb4 a6 42. Qf8 Nb7 43. Qa8 a5 44. Be5 Qe6 45. g4 Qd7 46. Kg2 Qd8 47. Qa7 Qd7 48. f3 Nd6 49. Qa8+ Nb7 50. Kg3 Qd8 51. Qa7 Qd7 52. Kf4 Nd6 53. Qa8+ Nb7 54. Kg5 Qd8 55. Qa7 Qc8 56. h4 Nd8 57. h5 gxh5 58. Kxh5 Nb7 59. Kg5 Qg8+ 60. Kf4 Qh8 61. Qa6 Qh6+ 62. Kg3 Nd6 63. Qa8+ 1-0

[Event "Omsk op 12"]
[Site "Omsk"]
[Date "2013.12.04"]
[Round "3"]
[White "Silchenko, Stepan"]
[Black "Barakin, Gennady"]
[Result "1-0"]
[WhiteElo "1621"]
[BlackElo "1985"]
[PlyCount "81"]
[EventDate "2013.12.01"]
[EventType "swiss"]
[EventRounds "9"]
[EventCountry "RUS"]
[SourceTitle "EXT 2016"]
[Source "ChessBase"]
[SourceDate "2015.10.08"]
[SourceVersion "1"]
[SourceVersionDate "2015.10.08"]
[SourceQuality "1"]

1. e4 c6 2. d4 d5 3. e5 g6 4. Nf3 Bg4 5. Be2 Nd7 6. 0-0 e6 7. Qd3 Qb6 8. c3 Bf5 9. Qd1 h5 10. Nh4 Bh6 11. Nxf5 exf5 12. Nd2 Nf8 13. Nb3 Ne6 14. Bxh6 Rxh6 15. Qd2 Rh8 16. Rfe1 Ne7 17. c4 Rd8 18. c5 Qc7 19. f4 Ng8 20. Qb4 f6 21. Na5 Rh7 22. Qc3 fxe5 23. fxe5 Qe7 24. b4 Qh4 25. Nb3 a6 26. a4 Ne7 27. b5 axb5 28. axb5 Qg5 29. Qg3 Qxg3 30. hxg3 h4 31. Bd1 f4 32. b6 h3 33. gxh3 Rxh3 34. gxf4 Nxf4 35. Ra7 Rd7 36. Na5 g5 37. Nxb7 Rg3+ 38. Kf1 Ne6 39. Nd6+ Rxd6 40. exd6 Nf5 41. b7 1-0

[Event "Omsk-ch"]
[Site "Omsk"]
[Date "2013.02.14"]
[Round "6"]
[White "Barakin, Gennady"]
[Black "Vasiljev, Artem"]
[Result "1-0"]
[WhiteElo "2017"]
[BlackElo "1713"]
[PlyCount "55"]
[EventDate "2013.02.09"]
[EventType "swiss"]
[EventRounds "9"]
[EventCountry "RUS"]
[SourceTitle "CBM 153 Extra"]
[Source "ChessBase"]
[SourceDate "2013.04.22"]
[SourceVersion "1"]
[SourceVersionDate "2013.04.22"]
[SourceQuality "1"]

1. d4 Nf6 2. Nf3 d5 3. Bg5 Nbd7 4. e3 e6 5. Bd3 Be7 6. Nbd2 c5 7. c3 a6 8. 0-0 b5 9. Qe2 0-0 10. Ne5 Nxe5 11. dxe5 Nd7 12. Bxe7 Qxe7 13. f4 f5 14. g4 Nb6 15. gxf5 exf5 16. Rf3 c4 17. Bc2 Be6 18. Rg3 Nd7 19. Nf3 Nc5 20. Nd4 Ne4 21. Bxe4 dxe4 22. Qh5 Rf7 23. Kf2 Rd8 24. Rag1 g6 25. Qh6 Qd7 26. h4 Rg7 27. h5 Qf7 28. hxg6 1-0

[Event "Omsk-ch"]
[Site "Omsk"]
[Date "2012.03.23"]
[Round "7"]
[White "Barakin, Gennady"]
[Black "Chagasov, Oleg"]
[Result "1-0"]
[WhiteElo "1969"]
[BlackElo "1882"]
[PlyCount "47"]
[EventDate "2012.03.15"]
[EventType "swiss"]
[EventRounds "9"]
[EventCountry "RUS"]
[SourceTitle "EXT 2013"]
[Source "ChessBase"]
[SourceDate "2012.11.22"]
[SourceVersion "1"]
[SourceVersionDate "2012.11.22"]
[SourceQuality "1"]

1. e4 c5 2. Nf3 Nf6 3. e5 Nd5 4. Nc3 e6 5. Bc4 Nb6 6. Be2 d5 7. exd6 Bxd6 8. 0-0 0-0 9. d3 Nc6 10. Ne4 Be7 11. Be3 Nd4 12. c3 Nxe2+ 13. Qxe2 Qc7 14. d4 c4 15. g3 Nd5 16. Ne5 b5 17. f4 Bb7 18. Nd2 f6 19. Nef3 Rac8 20. Bf2 Qc6 21. Rfe1 Kf7 22. a3 Rfe8 23. h3 Bd6 24. Kh2 1-0

[Event "Omsk-ch"]
[Site "Omsk"]
[Date "2012.03.19"]
[Round "4"]
[White "Barakin, Gennady"]
[Black "Kharlamov, Igor1111"]
[Result "0-1"]
[WhiteElo "1969"]
[BlackElo "1967"]
[PlyCount "56"]
[EventDate "2012.03.15"]
[EventType "swiss"]
[EventRounds "9"]
[EventCountry "RUS"]
[SourceTitle "EXT 2013"]
[Source "ChessBase"]
[SourceDate "2012.11.22"]
[SourceVersion "1"]
[SourceVersionDate "2012.11.22"]
[SourceQuality "1"]

1. e4 c6 2. d4 d5 3. Nc3 g6 4. Be3 Bg7 5. Qd2 Nf6 6. f3 dxe4 7. Nxe4 Nd5 8. Bf2 0-0 9. c4 Nc7 10. Rd1 b5 11. b3 Bf5 12. Ng3 Be6 13. Ne4 Nd7 14. Ng5 Bf5 15. Bd3 Bxd3 16. Qxd3 e5 17. Ne4 f5 18. Ng3 Ne6 19. N1e2 Qa5+ 20. Kf1 exd4 21. Nxd4 Ne5 22. Qc2 Nxd4 23. Bxd4 Rad8 24. Ne2 bxc4 25. bxc4 Ng4 26. Qb3 Bxd4 27. Rxd4 c5 28. Rxd8 Rxd8 0-1

[Event "Omsk op"]
[Site "Omsk"]
[Date "2012.02.07"]
[Round "6"]
[White "Glushakov, Andrey"]
[Black "Barakin, Gennady"]
[Result "0-1"]
[WhiteElo "1846"]
[BlackElo "1969"]
[PlyCount "50"]
[EventDate "2012.01.29"]
[EventType "swiss"]
[EventRounds "9"]
[EventCountry "RUS"]
[SourceTitle "EXT 2022"]
[Source "ChessBase"]
[SourceDate "2021.10.06"]
[SourceVersion "1"]
[SourceVersionDate "2021.10.06"]
[SourceQuality "1"]

1. e4 c6 2. d4 d5 3. Nc3 dxe4 4. Nxe4 Nd7 5. Bc4 Ngf6 6. Nxf6+ Nxf6 7. Nf3 Bg4 8. Be3 e6 9. h3 Bh5 10. g4 Bg6 11. Ne5 Be7 12. Nxg6 hxg6 13. Qf3 a5 14. 0-0-0 Nd5 15. a4 0-0 16. Bxd5 cxd5 17. Kd2 Qd7 18. b3 b5 19. Ra1 Rfc8 20. Rhc1 bxa4 21. Rxa4 Bb4+ 22. c3 Qc6 23. Bf4 Be7 24. Qd3 Bd6 25. Bxd6 Qxd6 0-1

[Event "Omsk-ch"]
[Site "Omsk"]
[Date "2011.11.20"]
[Round "6"]
[White "Riabinina, Margarita"]
[Black "Barakin, Gennady"]
[Result "0-1"]
[WhiteElo "1734"]
[BlackElo "1924"]
[PlyCount "24"]
[EventDate "2011.11.13"]
[EventType "swiss"]
[EventRounds "9"]
[EventCountry "RUS"]
[SourceTitle "EXT 2013"]
[Source "ChessBase"]
[SourceDate "2012.11.22"]
[SourceVersion "1"]
[SourceVersionDate "2012.11.22"]
[SourceQuality "1"]

1. e4 Nc6 2. Nc3 e5 3. Nge2 Bc5 4. d3 Nf6 5. h3 d6 6. Be3 Bxe3 7. fxe3 Bd7 8. a3 Qe7 9. Qd2 0-0-0 10. 0-0-0 Kb8 11. Nd5 Qf8 12. Nxf6 gxf6 0-1

[Event "Omsk CC-ch sf"]
[Site "Omsk"]
[Date "2011.06.29"]
[Round "7"]
[White "Osipov, Yury"]
[Black "Barakin, Gennady"]
[Result "0-1"]
[WhiteElo "1627"]
[BlackElo "1944"]
[PlyCount "30"]
[EventDate "2011.06.20"]
[EventType "swiss"]
[EventRounds "11"]
[EventCountry "RUS"]
[SourceTitle "EXT 2023"]
[Source "ChessBase"]
[SourceDate "2022.10.05"]
[SourceVersion "1"]
[SourceVersionDate "2022.10.05"]
[SourceQuality "1"]

1. e4 g6 2. Nf3 Bg7 3. d4 c6 4. Bd2 d6 5. h3 Nd7 6. Nc3 Qc7 7. a3 e5 8. d5 c5 9. Bb5 a6 10. Bc4 b5 11. Bb3 Ngf6 12. 0-0 0-0 13. Ne2 Nxe4 14. Ng3 Nxd2 15. Qxd2 Bb7 0-1